High performance control of AC drives with MATLAB/Simulink models
This book will provide an initial guideline to students and professionals. It focuses on the advanced control of AC machines and will keep the readers abreast with the latest technology
Gespeichert in:
| 1. Verfasser: | |
|---|---|
| Format: | Buch |
| Sprache: | Undetermined |
| Veröffentlicht: |
Chichester, West Sussex
Wiley
2012
|
| Schlagworte: | |
| Tags: |
Tag hinzufügen
Keine Tags, Fügen Sie den ersten Tag hinzu!
|
| Thư viện lưu trữ: | Trung tâm Học liệu Trường Đại học Cần Thơ |
|---|
| LEADER | 00959nam a2200229Ia 4500 | ||
|---|---|---|---|
| 001 | CTU_239121 | ||
| 008 | 210402s9999 xx 000 0 und d | ||
| 082 | |a 621.46 | ||
| 082 | |b A165 | ||
| 100 | |a Abu-Rub, Haithem | ||
| 245 | 0 | |a High performance control of AC drives with MATLAB/Simulink models | |
| 245 | 0 | |c Haitham Abu Rub, Atif Iqbal, Jaroslaw Guzinski | |
| 260 | |a Chichester, West Sussex | ||
| 260 | |b Wiley | ||
| 260 | |c 2012 | ||
| 520 | |a This book will provide an initial guideline to students and professionals. It focuses on the advanced control of AC machines and will keep the readers abreast with the latest technology | ||
| 526 | |a Điều khiển thông minh | ||
| 526 | |b CNT613 | ||
| 650 | |a Động cơ điện, Dòng điện xoay chiều,Electric motors, Alternating current | ||
| 650 | |x Mô phỏng máy tính,Computer simulation | ||
| 910 | |b nthai | ||
| 980 | |a Trung tâm Học liệu Trường Đại học Cần Thơ | ||